Politics and administration in East Africa (Record no. 40183)

MARC details
000 -LEADER
fixed length control field 00597nam a22001697a 4500
008 - FIXED-LENGTH DATA ELEMENTS--GENERAL INFORMATION
fixed length control field 120130t xxu||||| |||| 00| 0 eng d
020 ## - INTERNATIONAL STANDARD BOOK NUMBER
International Standard Book Number 9966468943
050 ## - LIBRARY OF CONGRESS CALL NUMBER
Classification number JQ2945.A2
Item number P65 1994
245 ## - TITLE STATEMENT
Title Politics and administration in East Africa
Statement of responsibility, etc edited by Walter O.Oyugi
260 ## - PUBLICATION, DISTRIBUTION, ETC. (IMPRINT)
Place of publication, distribution, etc Nairobi
Name of publisher, distributor, etc EAEP
Date of publication, distribution, etc 1994
300 ## - PHYSICAL DESCRIPTION
Extent Xii,548p.
500 ## - GENERAL NOTE
General note includes index
650 ## - SUBJECT ADDED ENTRY--TOPICAL TERM
Topical term following geographic name as entry element Africa,East-politics and government
700 ## - ADDED ENTRY--PERSONAL NAME
Personal name Oyugi ,Walter O.
942 ## - ADDED ENTRY ELEMENTS (KOHA)
Source of classification or shelving scheme Library of Congress Classification
Item type Book
Holdings
Withdrawn status Lost status Source of classification or shelving scheme Damaged status Not for loan Collection code Home library Current library Shelving location Date acquired Source of acquisition Total Checkouts Full call number Barcode Date last borrowed Copy number Price effective from Koha item type
    Library of Congress Classification     Non-fiction Bishop Okullu Memorial Library (Limuru Campus) Bishop Okullu Memorial Library (Limuru Campus) General Circulation 30/01/2012 purchase 2 JQ2945.A2 P65 1994 030413 26/10/2022 1 30/01/2012 Book